National Park by trail Quiz Stats

 Plays Quiz not verified by Sporcle

Challenge
Share
Tweet
Embed
Score 0/18 Timer 03:00
0 Plays Today
Trails Park % Correct
Half Dome, Vernal Falls, Sentinel DomeYosemite
93.4%
Delicate Arch, Devils Garden, Fiery FurnaceArches
92.1%
Grandview, Bright Angel, South KaibabGrand Canyon
86.8%
Artist Point, Sky Rim, Monument Geyser BasinYellowstone
86.8%
Pitamakan Pass, Grinnell Glacier, St Marys FallsGlacier
86.8%
Angels Landing, Kolob Arch, Hidden CanyonZion
85.5%
Cadillac Mountain, Beehive, Beech MountainAcadia
81.6%
Hurricane Hill, Sol Duc Falls, Marymere FallsOlympic
72.4%
Wonderland, Sourdough Ridge, Silver FallsMount Rainier
71.1%
Trails Park % Correct
Painted Desert, Crystal Forest, Agate HousePetrified Forest
68.4%
Longs Peak, Mills Lake, Dream LakeRocky Mountain
60.5%
Aztec Butte, Syncline Loop, SlickrockCanyonlands
59.2%
Cohab Canyon, Capitol Gorge, Hickman BridgeCapitol Reef
59.2%
Bumpass Hell, Mill Creek Falls, Devils KitchenLassen Volcanic
55.3%
Lexington Arch, Wheeler Peak, BristleconeGreat Basin
52.6%
Mosaic Canyon, Telescope Peak, Golden CanyonDeath Valley
52.6%
Hidden Falls, Paintbrush Canyon, Amphitheater LakeGrand Teton
48.7%
Emory Peak, Santa Elena Canyon, Boquillas CanyonBig Bend
44.7%

You're not logged in!

Compare scores with friends on all Sporcle quizzes.
Join for Free
OR
Log In

You Might Also Like...

Show Comments

Extras

Created Jul 23, 2010ReportNominate
Tags:National Parks, park, trail

Top Quizzes Today


Score Distribution

Your Account Isn't Verified!

In order to create a playlist on Sporcle, you need to verify the email address you used during registration. Go to your Sporcle Settings to finish the process.

Report this User

Report this user for behavior that violates our Community Guidelines.

Details: